| 000 | 00565cam a22002291 4500 | ||
|---|---|---|---|
| 001 | sa 64006484 | ||
| 003 | DLC | ||
| 005 | 20260227112040.0 | ||
| 008 | 940602s1961 ii a 000 0 beno | ||
| 010 | _asa 64006484 | ||
| 025 | _aPL480:EP-B-322 | ||
| 035 | _a(OCoLC)30538523 | ||
| 040 |
_aDLC _cCU _dCU _dDLC |
||
| 042 | _apremarc | ||
| 050 | 0 | 0 |
_aPZ90.B4 _bA8 |
| 100 | 1 | _aAnwar, Namita. | |
| 245 | 1 | 0 | _aMaṇimālā o anyānya galpa. |
| 260 | _c[1961] | ||
| 300 |
_a88 p. _bill. _c17 cm. |
||
| 500 | _aIn Bengali. | ||
| 650 | 0 | _aChildren's stories, Bengali. | |
| 999 |
_c59729 _d59729 |
||